Online
Catalog

The alhambra in focus : (Record no. 42514)

MARC details
000 -CABECERA
campo de control de longitud fija 00833nam a2200229 a 4500
001 - NÚMERO DE CONTROL
campo de control 000043025
005 - FECHA Y HORA DE LA ÚLTIMA TRANSACCIÓN
campo de control 20201002040600.0
008 - DATOS DE LONGITUD FIJA--INFORMACIÓN GENERAL
campo de control de longitud fija 140217s2006 xxcac 000 0 spa d
020 ## - NÚMERO INTERNACIONAL ESTÁNDAR DEL LIBRO
Número Internacional Estándar del Libro 8487282369
040 ## - FUENTE DE LA CATALOGACIÓN
Centro catalogador/agencia de origen DO-SdBNP
Lengua de catalogación spa
Centro/agencia transcriptor BNPHU
041 17 - CÓDIGO DE LENGUA
Código de lengua del texto/banda sonora o título independiente spa
Código de lengua original eng
100 1# - ENTRADA PRINCIPAL--NOMBRE DE PERSONA
Nombre de persona Cid Acedo, Aurelio
9 (RLIN) 70547
245 10 - MENCIÓN DE TÍTULO
Título The alhambra in focus :
Resto del título a complete new guide to the Alhambra and Generalife /
Mención de responsabilidad, etc. Aurelio Cid Acedo; traducción, Jon Trout; fotografías, Miguel Román, J. Agustín Núñez.
246 ## - FORMA VARIANTE DE TÍTULO
Título propio/Titulo breve The Alhambra and generalife in focus
260 ## - PUBLICACIÓN, DISTRIBUCIÓN, ETC.
Lugar de publicación, distribución, etc. [Granada], :
Nombre del editor, distribuidor, etc. Edilux,
Fecha de publicación, distribución, etc. 2006.
300 ## - DESCRIPCIÓN FÍSICA
Extensión 189 p. :
Otras características físicas il., retrs. ;
Dimensiones 24 cm.
504 ## - NOTA DE BIBLIOGRAFÍA, ETC.
Nota de bibliografía, etc. Bibliografía p: 189
590 ## - NOTA LOCAL (RLIN)
Nota local Inventariado, 2019/VM
700 1# - PUNTO DE ACCESO ADICIONAL--NOMBRE DE PERSONA
Nombre de persona Trout, Jon
Término indicativo de función/relación trad
9 (RLIN) 70548
700 1# - PUNTO DE ACCESO ADICIONAL--NOMBRE DE PERSONA
Nombre de persona Román, Miguel
Término indicativo de función/relación fot.
9 (RLIN) 70549
700 1# - PUNTO DE ACCESO ADICIONAL--NOMBRE DE PERSONA
Nombre de persona Nuñez, J. Agustín
Término indicativo de función/relación fot.
9 (RLIN) 70550
Holdings
Estado de retiro Estado de pérdida Restricciones de uso No para préstamo Código de colección Localización permanente Ubicación/localización actual Ubicación en estantería Fecha de adquisición Número de inventario Total de préstamos Signatura topográfica completa Código de barras Fecha visto por última vez Precio válido a partir de Tipo de ítem Koha
      Excluido de préstamo Monografías: Libros y Folletos General General Depósito 17.02.2014 LF1   43025-10 25.06.2020 25.06.2020 No se presta

Powered by Koha